[Event "Íslandsmótið í skák - áskorendaflo"]
[Site "Reykjavik"]
[Date "2021.08.12"]
[Round "7.13"]
[White "Thorisson, Benedikt"]
[Black "Kristjansson, Halldor"]
[Result "1-0"]
[WhiteElo "1624"]
[BlackElo "1559"]
[PlyCount "57"]
[EventDate "2021.08.07"]

1. e4 c5 2. Nf3 d6 3. d4 cxd4 4. Nxd4 Nf6 5. Nc3 Nc6 6. Be3 e6 7. f3 Be7 8. Qd2
a6 9. O-O-O Bd7 10. g4 b5 11. Kb1 Rc8 12. h4 Qc7 13. h5 h6 14. Rg1 Na5 15. f4
b4 16. Nce2 Nc4 17. Qd3 Nxe3 18. Qxe3 e5 19. f5 exd4 20. Nxd4 Qc5 21. Bxa6 Ra8
22. Qd3 Bc6 23. Nxc6 Kf8 24. Bb7 d5 25. Bxa8 Nxe4 26. Qxd5 Nc3+ 27. bxc3 Qb6
28. cxb4 Bf6 29. Rge1 1-0

[Event "Íslandsmótið í skák - áskorendaflo"]
[Site "Reykjavik"]
[Date "2021.08.12"]
[Round "7.14"]
[White "Briem, Gudrun Fanney"]
[Black "Gudnyjarson, Sigurdur Pall"]
[Result "1/2-1/2"]
[WhiteElo "1240"]
[BlackElo "1207"]
[PlyCount "119"]
[EventDate "2021.08.07"]

1. e4 e6 2. Nc3 d5 3. exd5 exd5 4. d4 Nf6 5. Bg5 c6 6. Nf3 Bg4 7. Be2 h6 8. Bh4
Bd6 9. Bg3 O-O 10. Bxd6 Qxd6 11. O-O Nbd7 12. h3 Bh5 13. Nh2 Bxe2 14. Qxe2 Rfe8
15. Qd2 Ne4 16. Nxe4 Rxe4 17. Rfe1 Rae8 18. Rxe4 Rxe4 19. Re1 Qe6 20. Rxe4 Qxe4
21. Nf3 Nf8 22. Kf1 Ne6 23. Qe2 Kf8 24. Qd2 Ke8 25. Qe2 Kf8 26. Qd2 Ke8 27. Qe2
Qxe2+ 28. Kxe2 Nf4+ 29. Kf1 f6 30. Ng1 Kf7 31. g3 Ne6 32. Nf3 g5 33. c3 Nc7 34.
Ke2 Kg6 35. Kd3 Ne6 36. Ke3 h5 37. Nh2 f5 38. f4 h4 39. gxh4 Nxf4 40. hxg5 Nxh3
41. Nf3 Nxg5 42. Ne5+ Kf6 43. Kf4 Ne6+ 44. Kf3 Ke7 45. Ng6+ Kf6 46. Ne5 f4 47.
Kg4 Ke7 48. Ng6+ Kd6 49. Nxf4 Nxf4 50. Kxf4 b6 51. a3 c5 52. Ke3 c4 53. Kd2 b5
54. Kc2 a5 55. b3 Ke6 56. b4 a4 57. Kd2 Kf5 58. Ke3 Kg4 59. Ke2 Kf4 60. Kf2
1/2-1/2